| 000 | 00374nam a22001457a 4500 | ||
|---|---|---|---|
| 008 | 221005b |||||||| |||| 00| 0 eng d | ||
| 020 | _a1526847124 | ||
| 050 |
_aR726.7 _b.O33 2019 |
||
| 100 | _aOgden, Jane | ||
| 245 |
_aHealth psychology/ _cJane Ogden |
||
| 250 | _a6th ed. | ||
| 260 |
_aLondon _bMcGraw Hill _c2019 |
||
| 300 |
_axxiii, 515p. _bCol.ill. |
||
| 942 |
_2lcc _cBK |
||
| 999 |
_c19642 _d19641 |
||